01578nam a2200217Ia 4500001000400000008004100004010000800045041001400053082002800067245014700095260001800242300000700260520000700267630002900274630001300303630002900316650002500345700003000370700002900400520093100429932241029s9999 xx 000 0 und d a852 aEspañol aF.C.E DES.HUM 2012 195 0aPropuesta educativa para promover el desarrollo de la conciencia moral y ética en la Escuela de Seguridad Ciudadana de la Policía Nacional aSanto Domingo a68 a37 aDesarrollo Institucional aDiseño aPropuesta Metodológica aEducación Cívica easesoraNúñez, Gladys eautoraRamírez , Pablo aEl estudio se basó en el diseño de una propuesta educativa para promover la conciencia moral y ética de los agentes policiales de la Escuela de Seguridad Ciudadana de la Policía Nacional. Para lograr el objetivo se asumió el tipo de estudio explorativa por entender que es un tema que no ha sido estudiado y es desconocido. Se trabajó con una muestra de 50 estudiantes de la escuela de seguridad de la policía nacional, de un total de 264 estudiantes.El estudio logro determinar que en la escuela de Seguridad Ciudadana de la Policía Nacional no se desarrollan actividades cotidianas y constantes, integradas al programa de estudio, que propicien el trato, la interacción, ni la comunicación.El estudio recomienda que la investigación sea conocida por varias instituciones educativas y que se tomen algunos ejemplos propuestos para ser implementados en la Escuela de  Seguridad de la Policía Nacional.